Rue Duplessis (Record no. 4549)

MARC details
000 -CABECERA
campo de control de longitud fija 01962nam a22002057a 4500
001 - NÚMERO DE CONTROL
campo de control 991107430586306196
008 - DATOS DE LONGITUD FIJA--INFORMACIÓN GENERAL
campo de control de longitud fija 241120s2024 xx ||||||fre d
020 ## - NÚMERO INTERNACIONAL ESTÁNDAR DEL LIBRO
Número Internacional Estándar del Libro 9782898331398
040 ## - FUENTE DE LA CATALOGACIÓN
Centro/agencia transcriptor tbs
050 #4 - SIGNATURA TOPOGRÁFICA DE LA BIBLIOTECA DEL CONGRESO
Número de clasificación PQ3919.2
100 ## - ENTRADA PRINCIPAL--NOMBRE DE PERSONA
Nombre de persona Pleau, Jean-Philippe
9 (RLIN) 24944
245 10 - MENCIÓN DE TÍTULO
Título Rue Duplessis
Resto del título : Ma Petite Noirceur : roman (mettons)
Mención de responsabilidad, etc. / Jean-Philippe Pleau.
260 ## - PUBLICACIÓN, DISTRIBUCIÓN, ETC.
Lugar de publicación, distribución, etc. Montreal
Nombre del editor, distribuidor, etc. Lux
Fecha de publicación, distribución, etc. 2024.
300 ## - DESCRIPCIÓN FÍSICA
Extensión 239 pages
520 ## - SUMARIO, ETC.
Sumario, etc. Né d’un père analphabète et d’une mère peu scolarisée, Jean-Philippe Pleau a grandi à Drummondville, rue Duplessis, dans une famille ouvrière. Les circonstances de sa vie lui ont cependant permis de poursuivre des études universitaires en sociologie et de devenir animateur de radio. Il est aujourd’hui étranger au monde d’où il vient, sans vraiment appartenir à celui dans lequel il a abouti. Rue Duplessis est l’histoire de cette déchirure sociale. Un récit émouvant où Jean-Philippe Pleau raconte sa migration intérieure, parfois violente, souvent étonnante, jamais banale. Le roman d’une vie qui se lit comme une lettre d’amour adressée à ses parents: un amour séparé par une distance de classe.
520 ## - SUMARIO, ETC.
Sumario, etc. Born to an illiterate father and a mother with little formal education, Jean-Philippe Pleau grew up in Drummondville, on Duplessis Street, in a working-class family. However, the circumstances of his life allowed him to pursue university studies in sociology and become a radio host. Today, he is a stranger to the world he came from, without truly belonging to the one he has entered.<br/><br/>Rue Duplessis is the story of this social rupture—an emotional narrative in which Jean-Philippe Pleau recounts his inner migration: sometimes violent, often surprising, never ordinary. A life story that reads like a love letter to his parents—a love divided by class differences.
655 #0 - TÉRMINO DE INDIZACIÓN--GÉNERO/FORMA
Datos o término principal de género/forma French novels
9 (RLIN) 23601
942 ## - ELEMENTOS DE ENTRADA AGREGADA (KOHA)
Fuente del sistema de clasificación o colocación Clasificación de Library of Congress
949 ## - PROCESAMIENTO DE INFORMACIÓN LOCAL (OCLC)
w LC
i 31761118981836
l ROBARTS
t Book
Holdings
Estado de retiro Estado de pérdida Fuente del sistema de clasificación o colocación Estado dañado No para préstamo Biblioteca de origen Biblioteca actual Fecha de adquisición Total de préstamos Signatura topográfica completa Fecha visto por última vez Número de copia Precio válido a partir de Tipo de ítem Koha Nota pública
    Clasificación de Library of Congress     TBS Barcelona TBS Barcelona 20/03/2025   P-FR PLE 20/03/2025 1 20/03/2025 Book SOON AVAILABLE

Powered by Koha